01988nam a22003257a 4500003000900000008004100009040007100050082002400121110003600145245008800181260005300269300003300322440012400355505084500479650002701324650001301351650002401364650002001388650002401408650002101432650002201453700002601475700002801501700001901529700002401548700002201572700001701594700002501611700002601636AR-CdUCM190425b ||||| |||| 00| 0 spa d aMUNICIPALIDAD PROVINCIAL DEL CUSCOcBIBLIOTECA MUNICIPAL DEL CUSCO aRev.Andi/N°28/1996 aCentro Bartolomé de Las Casas aRevista andina /cCentro de estudios rurales andinos Bartolomé de Las Casas Cusco aCusco :bCentro Bartolomé de Las Casas,c1996. a295-608 páginas. :c23 cm. aPublicación Semestral del Centro Bartolomé de Las Casas Cusco.nAño 14, Número 28, N°2, segundo semestre 1996. aContenido: Donde el zapato aprieta tendencias y desafíos de la educación bilingüe en el Perú. Luis Enrique López. -- El catálogo 1633 de jesuitas insignes fallecidos en el Perú. Rafael Vargas-Hidalgo. -- Textos aimaras en Guamán Poma. Marco A. Farrell R. -- El sistema de elementos gramaticales evidénciales o validadores en Quechua-Aru y Guaraní paraguayo estudio comparativo. Germán de Granda de Granda. -- Imaginando lo imaginado las narrativas de las naciones bolivianas. Michelle Bigenho. -- Juan Solano, O. P. 1505 ca-1580 segundo obispo de Cuzco, y la fundación del “Colegium S. Thomas de Urbe”. Carlo Longo. -- Leyes nuevas y perfil de tributación gobernación de Popayan 1543-1562. Carmen Beatriz Loza. -- Educación bilingüe e interculturalidad en los Andes y la Amazonía. Juan Carlos Godenzzi. aEducación bilingüe aJesuitas aGramática Quechua aGramática Aru aNarrativa boliviana aFray Juan Solano aObispos del Cusco aLópez, Luis Enrique aVargas Hidalgo ,Rafael  aFarrell, Marco aDe Granda, Germán aBigenho, Michelle aLongo, Carlo aLoza, Carmen Beatriz aGodenzzi, Juan Carlos